000 00414nam a2200145Ia 4500
041 _aArabic
082 _a305.569 cut-898 ج
100 _a20260118u\\\\\\\\\\\y0engy0103\\\\ba
100 _aمكي الجميل
245 0 _aالبدق والقبائل الرحالة في العراق
250 _aط1
260 _bمطبعة الرابطة
_aبغداد -العراق
_c1956
300 _a327
942 _cBk
999 _c190479
_d190479